| 000 | 00999nam a2200229Ii 4500 | ||
|---|---|---|---|
| 003 | JO-AjNU | ||
| 008 | 230605s9999||||xx |||||||||||||| ||und|| | ||
| 017 | _a2000/3/840 | ||
| 040 |
_aJO-AjNU _bara _erda _cJO-AjNU |
||
| 041 | _aara | ||
| 050 | 1 | 4 | _aBP161.2.N3364 2000 |
| 100 | 3 |
_aتحرير ملكاوي، فتحي حسن, _eauthor _952563 |
|
| 245 | 0 | 0 | _aنحو نظام معرفي إسلامي: اعمال الحلقة الدراسية التي عقدت في عمان/ الاردن يومي 10-11 حزيران(يونيو) 1998م |
| 250 | _aط1 | ||
| 264 | 3 | 1 | _aعمان: المعهد العالمي للفكر الاسلامي، 2000 |
| 300 |
_a510ص _bالملاحق ص 501-510 |
||
| 336 |
_atext _btxt _2rdacontent |
||
| 337 |
_aunmediated _bn _2rdamedia |
||
| 338 |
_avolume _bnc _2rdacarrier |
||
| 490 | 0 | _aسلسلة المنهجية الاسلامية رقم 16 | |
| 650 | 4 |
_aالفلسفة الاسلامية- الثقافة الاسلامية- الاسلام والمعرفة _952564 |
|
| 999 |
_aA23292 _c26860 _d26860 |
||